00505cam a2200169 a 4500020002800000040000800028082002600036245008000062260003800142300004000180650001600220650001600236650002100252650002100273700002200294700001900316 a0813379865 (alk. paper) cDLC00a363 WES 1991 A010 Or.00aHarvest of want :bhunger and food security in Central America and Mexico / aBoulder :bWestview Press,c1991. avii, 264 p. :bill., maps ;c24 cm. 0aFood supply 0aFood supply 0aNutrition policy 0aNutrition policy1 aWhiteford, Scott,1 aFerguson, Anne